00679nam a2200193 a 450000100060000000300090000600800410001501500210005602000340007704000280011108200160013924500770015526000440023230000270027650000720030350500190037565000550039470000360044925281CO-ViMGA141112s2004 ck r 000 u spa d ack - 2011 - 2013 a9789582415051 (obra completa) aCO-ViMGAbspacCO-ViMGA a460.071 I6810aInteractivo : blenguaje / cMaría Adelaida Arango Arango ... [et al.] aBogotá : bSantillana, cc2011 - 2013 av. . il. col. ; 28 cm. aLibro 1 : Libro del estudiante - - Libro 2 : Taller de ortografía agrados 3, 4, 514aEspañol - Enseñanza primaria - Libros de texto1 aArango Arango, María Adelaida